1853 1122 1662 1447 1898 1777 1883 1709 1839 1439 1048 1288 1981 1800 1349 1292 1043 1145 1374 1556 1881 1217 1299 1502 1501 1313 1642 1981 1592 1767 1348 1142 1474 1097 1881 1119 1987 1524 1264 1423 1968 1315 1339 1233 1076 1871 1058 1817 1301 1381 1568 1943 1838 1840 1492 1868 2000 1070 1479 1268 1303 1982 1152 1896 1713 1636 1778 1834 1043 1718 1936 1997 1768 1272 1370 1804 1680 1035 1583 1287 1208 1575 1500 1602 1082 1079 1905 1953 1142 1920 1766 1186 1508 1279 1153 1385 1488 1346 1370 BCNSPRNW ULIB Ver.6.0+V

เปลี่ยนเป็นภาษาไทย

Change to English
 แสดงรายละเอียดบรรณานุกรม
  กลับหน้าหลัก

Brief Record : Get Marc (ISO 2709) : E-mail record : QR code < ปิดหน้าต่าง
LEADER : 00000nam 2200000uu 4500
001    13399112249
003     ULIB
008    110802s2554||||th 000 0 tha d
020    9786165001502
090    นว.^bอ334ล 2554
100 0  อรพิม
245 00 เล่ห์ร้อยรัก/^cอรพิม
260    กรุงเทพฯ:^bพิมพ์คำ,^c2554.
300    483 หน้า
945    ^p280^l0^i18467
995    เกษร
999 ^a ใช้งานได้ทุกระบบ
รายการนี้ยังไม่มีแท็ก
คุณยังไม่ได้ล็อกอิน คุณสามารถมีกิจกรรมร่วมกับเว็บไซต์ได้ แต่ต้องล็อกอินก่อน ::
  ล็อกอิน

รายการสื่อสารสนเทศ

ลำดับที่ ประเภท เลขเรียก/บาร์โค้ด สถานที่ สถานะ
1. นวนิยาย
นวนิยาย
นว. อ334ล 2554  
  Barcode: 18467
ห้องสมุดวิทยาเขตสวรรค์ประชารักษ์
►นวนิยาย
บนชั้น
  ขอยืม

รายการใกล้เคียง
    ผู้แต่ง [อรพิม]

BibComment


ยังไม่เคยถูกคอมเมนท์

คอมเมนท์ทรัพยากรรายการนี้
  คอมเมนท์: เล่ห์ร้อยรัก อรพิม


 Copyright 2026. Bcnsprnw @Library